|
|
|
|
| LEADER |
01247nam a2200253 a 4500 |
| 001 |
1930568 |
| 008 |
100222s1985 bg af b 100 0 eng d |
| 010 |
|
|
|a 85904139
|
| 040 |
|
|
|a DLC
|c DLC
|d DLC
|d BD-DhAAL
|
| 082 |
0 |
0 |
|a 305.4/09549/2
|2 19
|
| 245 |
0 |
0 |
|a Integration of women in development.
|
| 260 |
|
|
|a Dhaka :
|b United Nations Information Centre,
|c 1985.
|
| 300 |
|
|
|a ii, 103 p., [7] p. of plates :
|b ill. ;
|c 21 cm.
|
| 500 |
|
|
|a Papers and proceedings of the national seminar on the "Integration of Women in Development", Dhaka, 1984, organized jointly by the United Nations Information Centre and Women for Women.
|
| 504 |
|
|
|a Includes bibliographies.
|
| 541 |
1 |
|
|e 00002167
|
| 650 |
|
0 |
|a Women
|x Employment
|z Bangladesh
|v Congresses.
|
| 650 |
|
0 |
|a Women
|x Nutrition
|z Bangladesh
|v Congresses.
|
| 650 |
|
0 |
|a Women
|x Health and hygiene
|z Bangladesh
|v Congresses.
|
| 710 |
2 |
|
|a United Nations Information Centre (Dacca, Bangladesh)
|
| 710 |
2 |
|
|a Women for Women Research & Study Group (Bangladesh)
|
| 852 |
4 |
|
|a Ayesha Abed Library
|j General shelf
|
| 999 |
|
|
|c 7922
|d 7922
|
| 952 |
|
|
|0 0
|1 0
|2 ddc
|4 0
|6 305_409549200000000_INT_1985
|7 0
|9 8882
|a BRACUL
|b BRACUL
|c GEN
|d 2010-03-30
|g 0.00
|l 0
|o 305.4095492 INT
|p 3010002167
|r 2010-03-30
|t 1
|w 2010-03-30
|y BK
|z Not price in Register
|